000 01251nam0a22002771 4500
001 rc\2335640
005 20250623050750.0
035 _a(NLR Aleph) 006584583
090 _a7081285
_c7081285
100 _a20110829d1977 |||y0rusy50 ca
101 0 _arus
102 _aRU
105 _ay z |||||
200 1 _aНовые данные о химическом строении углей
_e[Докл.]
_fМ-во угольной пром-сти СССР. Отд-ние общей и техн. химии АН СССР. Всесоюз. хим. о-во им. Д.И. Менделеева. Ин-т горючих ископаемых. Всесоюз. совещ. по химии и технологии получения жидкого и газообразного топлива из угля, сланцев и нефт. остатков
210 _aМосква
_cБ. и.
_d1977
215 _a11 с.
_d20
320 _aБиблиогр.: с. 10-11
333 _aДСП. Экз. № 7
700 1 _aРусьянова
_bН.Д.
_gНаталья Дмитриевна
701 1 _aЕркин
_bЛ.И.
801 0 _aRU
_bNLR
_gpsbo
801 1 _aRU
_bELAR
_2rusmarc
852 _aNLR
_j77-50к/3812
899 _aRuMoRGB
_jСХ
942 _cBOOK
980 _aNB